<?xml version="1.0" encoding="UTF-8"?>
<record
    xmlns:xsi="http://www.w3.org/2001/XMLSchema-instance"
    xsi:schemaLocation="http://www.loc.gov/MARC21/slim http://www.loc.gov/standards/marcxml/schema/MARC21slim.xsd"
    xmlns="http://www.loc.gov/MARC21/slim">

  <leader>01762nam a22001577a 4500</leader>
  <datafield tag="082" ind1=" " ind2=" ">
    <subfield code="a">610</subfield>
  </datafield>
  <datafield tag="100" ind1=" " ind2=" ">
    <subfield code="a">Abbasi, Aliza Anwaar </subfield>
    <subfield code="9">133194</subfield>
  </datafield>
  <datafield tag="245" ind1=" " ind2=" ">
    <subfield code="a">Novel Bioactive Dental Fillings for Secondary Caries /</subfield>
    <subfield code="c">Aliza Anwaar Abbasi</subfield>
  </datafield>
  <datafield tag="264" ind1=" " ind2=" ">
    <subfield code="a">Islamabad : </subfield>
    <subfield code="b">SMME- NUST; </subfield>
    <subfield code="c">2026.</subfield>
  </datafield>
  <datafield tag="300" ind1=" " ind2=" ">
    <subfield code="a">64p.</subfield>
    <subfield code="b">Soft Copy</subfield>
    <subfield code="c">30cm</subfield>
  </datafield>
  <datafield tag="500" ind1=" " ind2=" ">
    <subfield code="a">Secondary caries rests as the most important challenge in resin-based dental composites,
encouraging search of bioactive fillers like silanized hydroxyapatites and fluorides to increase
antibacterial performance without negotiating mechanical integrity. This study developed and
verified novel UDMA-based composites: a control with camphorquinone photoinitiator, whereas
the experimental group integrating APTES-silanized hydroxyapatite plus calcium fluoride.
Antibacterial efficacy was evaluated via disk diffusion assays against Staphylococcus aureus and
Escherichia coli, revealing clear zones of inhibition nearby experimental disks greater than
controls representing fluoride-driven disruption of bacterial growth. Wide-ranging
characterization, including SEM, FTIR, EDX analysis, water absorption and solubility done by the
use of artificial saliva confirmed efficacious synthesis, structural integrity, and the existence of
preferred functional groups. Outcomes highlight these formulations potential to limit oral biofilms
and improve restorative durability, with silanization helping filler dispersion and ion release; future
work should measure mechanical properties and continuing fluoride kinetics for medical
translation.</subfield>
  </datafield>
  <datafield tag="650" ind1=" " ind2=" ">
    <subfield code="a">MS Biomedical Sciences (BMS)   </subfield>
  </datafield>
  <datafield tag="700" ind1=" " ind2=" ">
    <subfield code="a">Supervisor: Dr. Sabah Javaid</subfield>
    <subfield code="9">128370</subfield>
  </datafield>
  <datafield tag="856" ind1=" " ind2=" ">
    <subfield code="u">http://10.250.8.41:8080/xmlui/handle/123456789/57400</subfield>
  </datafield>
  <datafield tag="942" ind1=" " ind2=" ">
    <subfield code="2">ddc</subfield>
    <subfield code="c">THE</subfield>
  </datafield>
  <datafield tag="999" ind1=" " ind2=" ">
    <subfield code="c">616199</subfield>
    <subfield code="d">616199</subfield>
  </datafield>
  <datafield tag="952" ind1=" " ind2=" ">
    <subfield code="0">0</subfield>
    <subfield code="1">0</subfield>
    <subfield code="4">0</subfield>
    <subfield code="7">0</subfield>
    <subfield code="a">SMME</subfield>
    <subfield code="b">SMME</subfield>
    <subfield code="c">EB</subfield>
    <subfield code="d">2026-02-13</subfield>
    <subfield code="l">0</subfield>
    <subfield code="o">610</subfield>
    <subfield code="p">SMME-TH-1209</subfield>
    <subfield code="r">2026-02-13</subfield>
    <subfield code="w">2026-02-13</subfield>
    <subfield code="y">THE</subfield>
  </datafield>
</record>
